| 000 | 00833nam a22002177a 4500 | ||
|---|---|---|---|
| 999 |
_c2745 _d2745 |
||
| 003 | AR-CdUCM | ||
| 008 | 190305b ||||| |||| 00| 0 spa d | ||
| 020 | _a84-229-0105-6 | ||
| 040 |
_aMUNICIPALIDAD PROVINCIAL DEL CUSCO _cBIBLIOTECA MUNICIPAL DEL CUSCO |
||
| 082 |
_a343.314 / _bD68 |
||
| 100 |
_aDíaz. Elías _99587 |
||
| 245 | _aEstado de derecho y sociedad democrática / | ||
| 260 |
_aMadrid : _bEditorial cuadernos para el dialogo (Edicusa), _c1979. |
||
| 300 |
_a204 paginas ; _c18 cm. |
||
| 505 | _aContenido :Estado literal de derecho -- Fascismo y estado totalitario -- Estado social de derecho -- Estado democrático de derecho -- Precedentes históricos ... | ||
| 650 |
_aDerecho constitucional _94734 |
||
| 650 |
_aSociedades primitivas _96023 |
||
| 650 |
_aMonarquia _99588 |
||
| 942 |
_2ddc _cLIBROS |
||
| 945 | _arum | ||